<?xml version="1.0" encoding="UTF-8"?>
<collection xmlns="http://www.loc.gov/MARC21/slim">
<record>
  <controlfield tag="001">153973</controlfield>
  <controlfield tag="005">20250512161007.0</controlfield>
  <datafield tag="037" ind1=" " ind2=" ">
    <subfield code="a">TAZ-TFG-2024-1756</subfield>
  </datafield>
  <datafield tag="041" ind1=" " ind2=" ">
    <subfield code="a">spa</subfield>
  </datafield>
  <datafield tag="100" ind1="1" ind2=" ">
    <subfield code="a">Fernández Taratiel, Marina</subfield>
  </datafield>
  <datafield tag="242" ind1="0" ind2="0">
    <subfield code="a">Trends in Marketing for an Iconic Movie: Barbie the Movie</subfield>
  </datafield>
  <datafield tag="245" ind1="0" ind2="0">
    <subfield code="a">Tendencias del marketing para una película icono: Barbie the movie</subfield>
  </datafield>
  <datafield tag="260" ind1=" " ind2=" ">
    <subfield code="a">Zaragoza</subfield>
    <subfield code="b">Universidad de Zaragoza</subfield>
    <subfield code="c">2024</subfield>
  </datafield>
  <datafield tag="506" ind1=" " ind2=" ">
    <subfield code="a">by-nc-sa</subfield>
    <subfield code="b">Creative Commons</subfield>
    <subfield code="c">3.0</subfield>
    <subfield code="u">http://creativecommons.org/licenses/by-nc-sa/3.0/</subfield>
  </datafield>
  <datafield tag="520" ind1=" " ind2=" ">
    <subfield code="a">El presente Trabajo de Fin de Grado (TFG) explora las tendencias actuales en marketing&lt;br />aplicadas a una película icónica, en este caso, "Barbie the Movie". Se centra en analizar las&lt;br />estrategias de marketing utilizadas para promocionar y posicionar este proyecto&lt;br />cinematográfico, considerando su posición de marca y el reconocimiento que supone la&lt;br />marca Barbie.&lt;br />En concreto, se analizan diversas campañas de marketing, así como la repercusión en redes&lt;br />sociales, campañas publicitarias, colaboraciones y la integración de las últimas tecnologías&lt;br />como lo es la inteligencia artificial (IA). Además, para apoyar el análisis se realizó un estudio&lt;br />cuantitativo con una muestra de 307 individuos para poder estudiar el impacto de estas entre&lt;br />el público, así como medir la evidencia sobre la percepción según el género de los&lt;br />encuestados. Como conclusión se confirma el éxito de estas campañas entre el público, así&lt;br />como el impacto en los resultados de la marca.&lt;br />&lt;br /></subfield>
  </datafield>
  <datafield tag="521" ind1=" " ind2=" ">
    <subfield code="a">Graduado en Administración y Dirección de Empresas</subfield>
  </datafield>
  <datafield tag="540" ind1=" " ind2=" ">
    <subfield code="a">Derechos regulados por licencia Creative Commons</subfield>
  </datafield>
  <datafield tag="856" ind1="0" ind2=" ">
    <subfield code="f">798730@unizar.es</subfield>
  </datafield>
  <datafield tag="856" ind1="4" ind2=" ">
    <subfield code="s">1109692</subfield>
    <subfield code="u">http://zaguan.unizar.es/record/153973/files/TAZ-TFG-2024-1756.pdf</subfield>
    <subfield code="y">Memoria (spa)</subfield>
  </datafield>
  <datafield tag="909" ind1="C" ind2="O">
    <subfield code="o">oai:zaguan.unizar.es:153973</subfield>
    <subfield code="p">driver</subfield>
    <subfield code="p">trabajos-fin-grado</subfield>
  </datafield>
  <datafield tag="950" ind1=" " ind2=" ">
    <subfield code="a"></subfield>
  </datafield>
  <datafield tag="691" ind1=" " ind2=" ">
    <subfield code="a">0</subfield>
  </datafield>
  <datafield tag="692" ind1=" " ind2=" ">
    <subfield code="a"></subfield>
  </datafield>
  <datafield tag="700" ind1=" " ind2=" ">
    <subfield code="a">Pina Pérez, José Miguel</subfield>
    <subfield code="e">dir.</subfield>
  </datafield>
  <datafield tag="710" ind1="2" ind2=" ">
    <subfield code="a">Universidad de Zaragoza</subfield>
    <subfield code="b">Dirección de Márketing e Investigación de Mercados</subfield>
    <subfield code="c">Comercialización e Investigación de Mercados</subfield>
  </datafield>
  <datafield tag="980" ind1=" " ind2=" ">
    <subfield code="a">TAZ</subfield>
    <subfield code="b">TFG</subfield>
    <subfield code="c">ECON</subfield>
  </datafield>
  <datafield tag="999" ind1=" " ind2=" ">
    <subfield code="a">20240603163645.CREATION_DATE</subfield>
  </datafield>
  <datafield tag="951" ind1=" " ind2=" ">
    <subfield code="a">deposita:2025-05-12</subfield>
  </datafield>
</record>
</collection>